000 00571nam a2200205Ia 4500
005 20250508165838.0
008 008 250505s9999 xx 000 0 eng d
020 _a978-1-4739-6903-2
037 _aReference
040 _aFEDL
_beng
_cFEDL
041 _aeng
_2eng
084 _a370.32, MCN/RR
_qFEDL
100 _aMcNiff Jean
245 0 _aAction research: All you need to know
260 _aLondon, UK
_bSage Publication Ltd.
_c2017
300 _avi, 277p.
365 _aGBP
_b29.99
942 _cREF
_h370.32, MCN/RR
999 _c1397783
_d1397783